00618nam a2200193Ia 4500003000900000008004100009040001600050080001800066100002300084245007400107260003600181300001600217650003100233650002400264650002300288942000700311999001300318952009300331IN-BaIIA211028s9999 xx 000 0 eng d cIIA Library a535.33bHER-1 aHerzberg, G.91803 0aInfrared and raman spectra of polyatomic moleculescG. Herzberg  aNew YorkbD. Van Nostrandc1946 axiii, 632p. aPolyatomic molecules91804 aRaman spectra91805 aSpectroscopy91535 cBK c843d843 00104070aBANbBANcGENd0000-00-00l0o535.33/ HER-1p869r2021-11-05w0000-00-00yBK